Catálogo Biblioteca Central

La Banque Mondiale et la lutte contre la pauvreté (Registro nro. 77164)

Detalles MARC
000 -CABECERA
campo de control de longitud fija 00628naa a2200217 i 4500
001 - NÚMERO DE CONTROL
campo de control 77164
003 - IDENTIFICADOR DEL NÚMERO DE CONTROL
campo de control ES-MaBCM
005 - FECHA Y HORA DE LA ÚLTIMA TRANSACCIÓN
campo de control 20241016120434.0
008 - CÓDIGOS DE INFORMACIÓN DE LONGITUD FIJA
campo de control de longitud fija 010828s2001 fra 000 0 fre d
021 ## -
-- xx
035 ## - NÚMERO DE CONTROL DEL SISTEMA
Número de control de sistema (OCoLC)1365152779
040 ## - FUENTE DE LA CATALOGACIÓN
Centro transcriptor ES-MaBCM
041 0# - CÓDIGO DE LENGUA
Código de lengua del texto/banda sonora o título independiente fre
043 ## - CÓDIGO DE ÁREA GEOGRÁFICA
Código de área geográfica fra
100 1# - PUNTO DE ACCESO PRINCIPAL - NOMBRE DE PERSONA
Nombre de persona Dufour, Patrice
9 (RLIN) 13513
245 10 - MENCIÓN DE TÍTULO
Título La Banque Mondiale et la lutte contre la pauvreté
Mención de responsabilidad etc. Patrice Dufour
650 24 - PUNTO DE ACCESO ADICIONAL DE MATERIA--TÉRMINO DE MATERIA
Término de materia o nombre geográfico como elemento inicial Banco Mundial
9 (RLIN) 50581
650 27 - PUNTO DE ACCESO ADICIONAL DE MATERIA--TÉRMINO DE MATERIA
Término de materia o nombre geográfico como elemento inicial Desarrollo económico
9 (RLIN) 58375
773 0# - ENLACE AL DOCUMENTO FUENTE
Encabezamiento principal En:
Título Les cahiers français
Lugar editor y fecha de publicación Paris : 2001
Número de control del registro relacionado 104353
Parte(s) relacionada(s) nº 302, mai-juin, p. 56-65. - Loc. S.79
942 ## - ELEMENTOS DE PUNTO DE ACCESO ADICIONAL (KOHA)
Tipo de ítem Koha Artículos de revistas
Existencias
Estado de retiro Estado de pérdida Estado dañado No para préstamo Localización permanente Ubicación/localización actual Fecha de adquisición Precio válido a partir de Tipo de ítem Koha
        Biblioteca Central del Ministerio de la Presidencia Biblioteca Central del Ministerio de la Presidencia 21/04/2012 21/04/2012 Artículos de revistas